|
|
|
|
| LEADER |
00000naa2a2200000 4500 |
| 001 |
629148 |
| 005 |
20231101133539.0 |
| 035 |
|
|
|a (RuTPU)RU\TPU\conf\29592
|
| 035 |
|
|
|a RU\TPU\conf\29591
|
| 090 |
|
|
|a 629148
|
| 100 |
|
|
|a 20190201d2019 k y0rusy50 ca
|
| 101 |
0 |
|
|a rus
|
| 102 |
|
|
|a RU
|
| 105 |
|
|
|a y z 101zy
|
| 135 |
|
|
|a drcn ---uucaa
|
| 181 |
|
0 |
|a i
|
| 182 |
|
0 |
|a b
|
| 200 |
1 |
|
|a Комплекс удаленного автоматизированного контроля, сбора, обработки, визуализации данных Томской обсерватории радиоактивности и ионизирующих излучений
|f Г. А. Яковлев
|g науч. рук. В. С. Яковлева
|
| 203 |
|
|
|a Текст
|c электронный
|
| 225 |
1 |
|
|a Автоматизация и управление в технических системах
|
| 230 |
|
|
|a 1 компьютерный файл (pdf; 265 Кb)
|
| 300 |
|
|
|a Заглавие с титульного экрана
|
| 320 |
|
|
|a [Библиогр.: с. 332 (3 назв.)]
|
| 463 |
|
0 |
|0 (RuTPU)RU\TPU\conf\29427
|t Молодежь и современные информационные технологии
|o сборник трудов XVI Международной научно-практической конференции студентов, аспирантов и молодых учёных, 3-7 декабря 2018 г., г. Томск
|f Национальный исследовательский Томский политехнический университет, Инженерная школа информационных технологий и робототехники ; под ред. Д. М. Сонькина [и др.]
|v [С. 331-332]
|d 2019
|
| 610 |
1 |
|
|a электронный ресурс
|
| 610 |
1 |
|
|a труды учёных ТПУ
|
| 610 |
1 |
|
|a комплексы
|
| 610 |
1 |
|
|a автоматизированный контроль
|
| 610 |
1 |
|
|a сбор данных
|
| 610 |
1 |
|
|a обработка данных
|
| 610 |
1 |
|
|a визуализация
|
| 610 |
1 |
|
|a радиационная обстановка
|
| 610 |
1 |
|
|a ионизирующие излучения
|
| 610 |
1 |
|
|a радиационные величины
|
| 700 |
|
1 |
|a Яковлев
|b Г. А.
|
| 702 |
|
1 |
|a Яковлева
|b В. С.
|c физик
|c доцент Томского политехнического университета, кандидат физико-математических наук
|f 1970-
|g Валентина Станиславовна
|2 stltpush
|4 727
|
| 712 |
0 |
2 |
|a Национальный исследовательский Томский политехнический университет
|b Инженерная школа ядерных технологий
|b Отделение ядерно-топливного цикла
|h 7864
|2 stltpush
|3 (RuTPU)RU\TPU\col\23554
|
| 801 |
|
2 |
|a RU
|b 63413507
|c 20201230
|g RCR
|
| 856 |
4 |
|
|u http://earchive.tpu.ru/handle/11683/52570
|
| 942 |
|
|
|c BK
|